000 00491nam a2200169 i 4500
001 98012
003 ES-MaACL
005 20240417063039.0
007 t|
008 050721s1908 sp ||||1| spa d
100 1 _aMarquina, Eduardo,
_d1879-1946
_977043
245 1 4 _aLas hijas del Cid
_b: leyenda trĂ¡gica en cinco actos /
_cEduardo Marquina.
260 _aMadrid :
_bR. Velasco,
_c1908.
300 _a151 p. ;
_c20 cm.
852 _aES-MaACL
_jF-8663
999 _c98012
_d98012